000 00590cam a22002053a 4500
001 45025
003 PGUSA
005 20140828084028.0
008 140226s2014||||xxu|||||s|||||000 | eng d
040 _aPGUSA
_beng
042 _adc
100 1 _aParkin, George
245 1 0 _aImperial Federation :
_bThe Problem of National Unity
_h[electronic resource] /
_cGeorge Parkin
260 _bProject Gutenberg,
_c2014
506 _aPublic domain in the USA.
516 _aElectronic text
830 0 _aProject Gutenberg
_v45025
856 4 0 _uhttp://www.gutenberg.org/ebooks/45025
942 _cEB
999 _c274276
_d274276